000 00485nam a2200169 4500
003 SEACOMMC
005 20250430124555.0
008 250113b |||||||| |||| 00| 0 eng d
020 _a 978-93-5097-480-3
_cRs,190.00
040 _aSEACOMMC
082 _a343.099
_bR 277
100 _a Rayudu, C S.
245 1 _aMass Media Laws and Regulations
_cC S Rayudu and S B Nageswar Rao
260 _aMumbai
_b Himalaya Publishing House
_c 1995
650 _aLaws and Regulations
942 _cBOOK
999 _c990
_d990